00608 2200229 4500001002100000005001500021035002000036007000300056008004100059020002200100082000800122084001400130100001500144245007000159250001100229260003100240300004800271700001600319700001100335700001900346700001300365INLIS00000000000182820240610074352 a0010-0624000002ta240610 f 0 ind  a978-623-266-795-2 a410 a410 RUS k0 aRusmiyanto1 aKompeten Berbahasa Indonesia Untuk SMA/MA Kelas XII /cRusmiyanto aCet. 1 aJakarta :bErlangga,c2024 axii + 180 hlm. :bilust. ;c17,5 cm x 25 cm0 aImam Taufik0 aWahono0 aPrasetyo Utomo0 aMafrukhi